Statistiques concernant Expressions de la langue française utilisant le mot bras

Cliquez ici pour prendre le quiz!

Statistiques générales

  • Ce quiz a été pris 164 fois
  • Le résultat moyen est 15 sur 21

Statistiques - réponses

IndiceMot% Correct
étonné : lever les bras au ....ciel
95%
se promener bras dessus, bras ....dessous
95%
c'est mon second, c'est mon bras ...droit
95%
abandonner : ..... les brasbaisser
92%
j'ai été (très bien) reçu à bras ...ouverts
90%
porter quelq'un à .... de brasbout
89%
il a de l'influence, il a le bras ....long
89%
s'endormir : tomber dans les bras de ....Morphée
89%
épreuve de force : bras de ...fer
88%
geste grossier : bras d'.....honneur
86%
je suis stupéfait, les bras m'en ....tombent
84%
c'est un caîd, c'est un .... brasgros
77%
énergiquement, à bras le ....corps
74%
ne rien faire, se .... les brascroiser
57%
en bras de ....(vêtement)chemise
51%
je suis stupéfait, j'ai les bras ....ballants
49%
incapable : bras ....cassé
46%
peu d'ambition : .... braspetit
46%
avec force : à ... de brastour
40%
il m'est tombé dessus à bras ....raccourcis
38%
c'est l'éxécutant, le bras ....armé
29%

Distribution des résultats

Percentile par nombre de réponses

% des personnes avec chaque résultat

Votre développement - résultats

Vous n’avez pas pris ce quiz